Suspending Presidential authority to impose oil import fees, $531 billion debt limit : hearings before the Committee on Finance, United States Senate, Ninety-fourth Congress, first session, on H.R. 1767 ... and H.R. 2634 ... February 7 and 10, 1975.

Bibliographic Details
Corporate Authors: United States. Congress. Senate. Committee on Finance, ProQuest (Firm)
Format: Government Document eBook
Language:English
Published: Washington : U.S. Govt. Print. Off, 1975.
Series:U.S. Congressional Hearings.
Subjects:
Online Access:Connect to the full text of this electronic book

MARC

Tag First Indicator Second Indicator Subfields
LEADER 00000cam a22000001a 4500
001 in00003197021
006 m d f
007 cr bn mmmapmmp
008 090922s1975 dcu o f000 0 eng d
005 20260604205335.0
035 |a cis2007440132 
040 |a UMI  |c UMI  |d UtOrBLW 
043 |a n-us--- 
086 0 |a Y 4.F 49:Oi 5/5 
099 |a HRG-1975-FNS-0017 
110 1 |a United States.  |b Congress.  |b Senate.  |b Committee on Finance. 
245 1 0 |a Suspending Presidential authority to impose oil import fees, $531 billion debt limit :  |b hearings before the Committee on Finance, United States Senate, Ninety-fourth Congress, first session, on H.R. 1767 ... and H.R. 2634 ... February 7 and 10, 1975. 
264 1 |a Washington :  |b U.S. Govt. Print. Off,  |c 1975. 
300 |a 1 online resource. 
336 |a text  |b txt  |2 rdacontent 
337 |a computer  |b c  |2 rdamedia 
338 |a online resource  |b cr  |2 rdacarrier 
538 |a System requirements: PDF reader software. 
500 |a Electronic resource. 
650 0 |a Tariff on petroleum products  |z United States. 
651 0 |a United States  |x Economic policy  |y 1971-1981. 
655 7 |a Electronic books.  |2 local 
710 2 |a ProQuest (Firm) 
776 0 8 |i Print version:  |a United States. Congress. Senate. Committee on Finance  |t Suspending Presidential authority to impose oil import fees,  |w (DLC)75601212 //r82 
776 0 8 |i Microfiche version:  |a United States. Congress. Senate. Committee on Finance  |t Suspending Presidential authority to impose oil import fees, .  |d [Bethesda, Md.] : ProQuest,[2004]  |o CIS 75 S361-20  |w (ProQuest)cis07501294 
830 0 |a U.S. Congressional Hearings. 
856 4 0 |u http://proxy.library.tamu.edu/login?url=https://congressional.proquest.com/congcomp/getdoc?HEARING-ID=HRG-1975-FNS-0017  |z Connect to the full text of this electronic book  |t 0 
998 |a cis07501294 
999 |a MARS 
999 f f |s b914f394-1462-3696-9005-0541dad4c876  |i f649f188-3dbc-33db-b101-845aad88fe35  |t 0 
952 f f |a Texas A&M University  |b College Station  |c Electronic Resources  |s www_evans  |d Available Online  |t 0  |e HRG-1975-FNS-0017  |h Other scheme 
998 f f |a HRG-1975-FNS-0017  |t 0  |l Available Online